000 00551nam a2200181Ia 4500
008 100917s9999 xx 000 0 und d
082 _b44680
100 _aभागवत शशी
245 _aमर्मभेद (आ. 2 री.)
260 _bमॅजेस्टिक बुक स्टॉल
_c1979
300 _a263
365 _b45
520 _aकादंबरी
630 _aमर्मभेद (आ. 2 री.)
650 _aकादंबरी
730 _aमर्मभेद (आ. 2 री.)
942 _cBOOK
999 _c650074
_d650071